LEADER 01129naa a2200205 u 4500 001 000000096927 003 CaOOAMICUS 005 20070226130148.0 008 050307s2001 it aeh u000 u ita u 035 $a11032223 040 $aBSR$bita 100 1 $aCeccarelli, Simonetta.$0(OLS)http://pul/name/61665 245 13$aLa chiesa di S. Caterina della Rota a Roma nei documenti dell'Archivio del Capitolo di S. Pietro :$bnote storiche e bibliografiche /$cSimonetta Ceccarelli. 260 $aCittą del Vaticano :$bBiblioteca Apostolica Vaticana,$c2001. 300 $ap. [75]-134 :$bill., plans, facs. ;$c26 cm 504 $aIncludes bibliographical references. 610 24$aSanta Caterina della Rota (chiesa : Roma).$0(OLS)http://pul/subject/30557 773 0 $aBiblioteca apostolica vaticana.$tMiscellanea Bibliothecae Apostolicae Vaticanae$g8, 2001$w()16628 996 $6245$aLa chiesa di S. Caterina della Rota a Roma nei documenti dell'Archivio del Capitolo di S. Pietro :$bnote storiche e bibliografiche$9(OLS)http://pul/title/123810 996 $6260$aCittą del Vaticano :$bBiblioteca Apostolica Vaticana$9(OLS)http://pul/publisher/48729 LEADER 01226nam a2200265 a 4500 001 000000161151 003 CaOOAMICUS 005 20170606111947.0 008 170606s1976 gw m 001 u ger r 032 $aLibriCat 040 $aPUL$bita 100 1 $aCavallin, Lorenz.$0(OLS)http://pul/name/103176 245 10$aDogma und Dogmenentwicklung bei Adolf von Harnack :$beine Frage an die neuere Theologie /$cauctore Laurentius Cavallin. 260 $aVolkach :$b[s.n.],$c1976. 300 $a276 p. ;$c23 cm. 502 $aTesi -- Pontificia Universitas Gregoriana. Facultas theologiae. 1976. 504 $aBibliografia in nota. 600 14$aHarnack, Adolf von,$d1851-1930.$0(OLS)http://pul/subject/9811 710 2 $aPontificia Universitą Gregoriana.$bFacoltą di teologia.$kTesi.$0(OLS)http://pul/name/81592 850 $aPUL 852 $aPUL$W1$xDP1 Tesi Pon. Univ. Gregoriana$y40$mTH PUG 2540$j185102$qTesi$B188298$CPULBib$Z2$F188298 $H43800 $82 941 1 $a16 996 $6245$aDogma und Dogmenentwicklung bei Adolf von Harnack :$beine Frage an die neuere Theologie$9(OLS)http://pul/title/200865 996 $6260$aVolkach :$b[s.n.]$9(OLS)http://pul/publisher/86319